A book of abstract algebra / (Record no. 7419)
[ view plain ]
| 000 -LEADER | |
|---|---|
| fixed length control field | 00808nam a2200277 4500 |
| 001 - CONTROL NUMBER | |
| control field | 1037608 |
| 005 - DATE AND TIME OF LATEST TRANSACTION | |
| control field | 20150513150821.0 |
| 007 - PHYSICAL DESCRIPTION FIXED FIELD--GENERAL INFORMATION | |
| fixed length control field | 000 |
| 008 - FIXED-LENGTH DATA ELEMENTS--GENERAL INFORMATION | |
| fixed length control field | 000 |
| 010 ## - LIBRARY OF CONGRESS CONTROL NUMBER | |
| LC control number | 89035355 |
| 020 ## - INTERNATIONAL STANDARD BOOK NUMBER | |
| International Standard Book Number | 0070501386 : |
| Terms of availability | $34.95 |
| 040 ## - CATALOGING SOURCE | |
| Original cataloging agency | UOEL |
| Transcribing agency | DLC |
| Modifying agency | DLC |
| 050 00 - LIBRARY OF CONGRESS CALL NUMBER | |
| Classification number | QA162 |
| Item number | .P56 1990 |
| 082 00 - DEWEY DECIMAL CLASSIFICATION NUMBER | |
| Classification number | 512/.02 |
| Edition number | 20 |
| 100 1# - MAIN ENTRY--PERSONAL NAME | |
| Personal name | Pinter, Charles C., |
| Dates associated with a name | 1932- |
| 245 12 - TITLE STATEMENT | |
| Title | A book of abstract algebra / |
| Statement of responsibility, etc | Charles C. Pinter. |
| 250 ## - EDITION STATEMENT | |
| Edition statement | 2nd ed. |
| 260 ## - PUBLICATION, DISTRIBUTION, ETC. (IMPRINT) | |
| Place of publication, distribution, etc | New York : |
| Name of publisher, distributor, etc | McGraw-Hill, |
| Date of publication, distribution, etc | c1990. |
| 300 ## - PHYSICAL DESCRIPTION | |
| Extent | xviii, 384 p. : |
| Other physical details | ill. ; |
| Dimensions | 24 cm. |
| 440 #0 - SERIES STATEMENT/ADDED ENTRY--TITLE | |
| Title | International series in pure and applied mathematics |
| Title | McGraw-Hill series in higher mathematics |
| 500 ## - GENERAL NOTE | |
| General note | Includes index. |
| 650 #0 - SUBJECT ADDED ENTRY--TOPICAL TERM | |
| Topical term or geographic name as entry element | Algebra, Abstract. |
| General subdivision | Mathematics |
| 906 ## - LOCAL DATA ELEMENT F, LDF (RLIN) | |
| a | 7 |
| b | cbc |
| c | orignew |
| d | 1 |
| e | ocip |
| f | 19 |
| g | y-gencatlg |
| 942 ## - ADDED ENTRY ELEMENTS (KOHA) | |
| Source of classification or shelving scheme | Library of Congress Classification |
| Item type | Loan - Normal on open shelf |
| Withdrawn status | Lost status | Source of classification or shelving scheme | Damaged status | Not for loan | Home library | Current library | Shelving location | Date acquired | Total Checkouts | Full call number | Barcode | Date last seen | Date last borrowed | Copy number | Price effective from | Koha item type |
|---|---|---|---|---|---|---|---|---|---|---|---|---|---|---|---|---|
| Library of Congress Classification | UOE Main Library | UOE Main Library | Open shelf | 13/05/2015 | 1 | QA162 .P56 1990 | 10044150 | 27/04/2026 | 21/01/2019 | 10044150 | 13/05/2015 | Loan - Normal on open shelf |
